| 000 | 00482nam a2200157Ia 4500 | ||
|---|---|---|---|
| 008 | 170221s9999 xx 000 0 und d | ||
| 100 | _aAli Simsek | ||
| 245 | _aTransformation of Identities in the Mediated Landscape of the Network Society | ||
| 245 | _cAli Simsek, Eylem Simsek | ||
| 260 | _bOnline Journal of Communication and Media Technologies | ||
| 260 | _c2016 | ||
| 300 | _a10 : | ||
| 650 | _xCommunication | ||
| 650 | _xMedia Arts | ||
| 856 | _uhttp://www.ojcmt.net/ | ||
| 999 |
_c312908 _d312908 |
||